000 00338 a2200121 4500
000 nam a22 7a 4500
005 20260410120114.0
020 _a9781009577441
100 _aIndira Arumugam
_91234639
245 _aVisceral Politics : Imaginaries of Power in South India
260 _bCambridge University Press
_c2025
942 _cTEXL
999 _c1848210
_d1848210